[Event "Windsor NAYCC U08"]
[Site "Windsor"]
[Date "2016.08.08"]
[Round "3.165"]
[White "Yuan, Daniel"]
[Black "Huang, Brian"]
[Result "0-1"]
[WhiteElo "827"]
[BlackElo "1783"]
[PlyCount "120"]
[EventDate "2016.08.07"]
[EventType "swiss"]
[EventRounds "9"]
[EventCountry "CAN"]
[SourceTitle "EXT 2022"]
[Source "ChessBase"]
[SourceDate "2021.10.06"]
[SourceVersion "1"]
[SourceVersionDate "2021.10.06"]
[SourceQuality "1"]

1. e4 c5 2. Nf3 d6 3. d4 cxd4 4. Qxd4 Nc6 5. Bb5 Bd7 6. Bxc6 Bxc6 7. Nc3 Nf6 8. Bg5 Nd7 9. 0-0 Qb6 10. Qxb6 Nxb6 11. Rad1 f6 12. Be3 Nc4 13. b3 Nxe3 14. fxe3 g6 15. Nd4 Bd7 16. Nd5 Rc8 17. c4 a6 18. Nb6 Rc7 19. Nd5 Rc8 20. Nb6 Rd8 21. h3 Bh6 22. Rf3 0-0 23. Nxd7 Rxd7 24. Ne6 Rc8 25. c5 Rc6 26. b4 d5 27. exd5 Rxe6 28. dxe6 Rxd1+ 29. Kf2 Rd2+ 30. Kg3 Rxa2 31. Kh2 Ra4 32. Rf2 Bxe3 33. Rf3 Bd4 34. Rd3 Rxb4 35. Kg3 Bxc5 36. Rd8+ Kg7 37. Rd7 Bd6+ 38. Kf3 a5 39. Rd8 a4 40. Ra8 b5 41. Ke3 Rb2 42. Kf3 a3 43. Ke4 Rxg2 44. Kd3 a2 45. Kc3 Be5+ 46. Kb3 a1Q 47. Rxa1 Bxa1 48. Kb4 Rh2 49. Kxb5 Rxh3 50. Kb4 Re3 51. Kc4 Rxe6 52. Kb3 Rc6 53. Ka2 Rb6 54. Kxa1 h5 55. Ka2 h4 56. Ka1 h3 57. Ka2 h2 58. Ka3 h1R 59. Ka2 Rh5 60. Ka3 Ra5# 0-1

[Event "Windsor NAYCC U08"]
[Site "Windsor"]
[Date "2016.08.07"]
[Round "1.164"]
[White "Yuan, Daniel"]
[Black "Zhang, Andrew Huangtiankai"]
[Result "0-1"]
[WhiteElo "827"]
[BlackElo "1524"]
[PlyCount "80"]
[EventDate "2016.08.07"]
[EventType "swiss"]
[EventRounds "9"]
[EventCountry "CAN"]
[SourceTitle "EXT 2022"]
[Source "ChessBase"]
[SourceDate "2021.10.06"]
[SourceVersion "1"]
[SourceVersionDate "2021.10.06"]
[SourceQuality "1"]

1. e4 e5 2. Nf3 Nc6 3. d4 exd4 4. Bc4 Bc5 5. 0-0 Nge7 6. c3 d3 7. Qxd3 0-0 8. Bg5 h6 9. Bh4 h5 10. Nbd2 d6 11. Nb3 Bb6 12. Nbd4 Ne5 13. Bxe7 Qxe7 14. Nxe5 dxe5 15. Nf3 Bg4 16. h3 Rad8 17. Qe2 Bxf3 18. Qxf3 Rd2 19. b3 Qa3 20. Qf5 Qc5 21. Rfd1 Rxf2 22. Qxf2 Qxf2+ 23. Kh1 Qf6 24. Rd7 Qc6 25. Re7 Qxe4 26. Rf1 Qg6 27. Bd5 e4 28. Bxe4 Qd6 29. Bh7+ Kxh7 30. Ree1 c6 31. c4 Bc7 32. Kg1 Qh2+ 33. Kf2 Bb6+ 34. Ke2 Qxg2+ 35. Kd1 Rd8+ 36. Kc1 Be3+ 37. Kb1 Qg6+ 38. Kb2 Rd2+ 39. Ka3 Qd6+ 40. Ka4 Rxa2# 0-1

[Event "CAN-ch U08"]
[Site "Windsor"]
[Date "2016.07.06"]
[Round "2.117"]
[White "Yuan, Daniel"]
[Black "Chang, Alexander Rz"]
[Result "0-1"]
[WhiteElo "855"]
[BlackElo "886"]
[PlyCount "80"]
[EventDate "2016.07.05"]
[EventType "swiss"]
[EventRounds "7"]
[EventCountry "CAN"]
[SourceTitle "EXT 2022"]
[Source "ChessBase"]
[SourceDate "2021.10.06"]
[SourceVersion "1"]
[SourceVersionDate "2021.10.06"]
[SourceQuality "1"]

1. e4 e5 2. Nf3 Nc6 3. d4 exd4 4. Bc4 d6 5. c3 dxc3 6. Nxc3 Nf6 7. 0-0 Be7 8. Bf4 0-0 9. Qd2 b6 10. Bb5 Bb7 11. Nd5 Nxd5 12. Qxd5 Na5 13. Qd4 a6 14. Ba4 b5 15. Bc2 Bf6 16. Qd3 g6 17. Bh6 Re8 18. Qa3 Nc4 19. Qb3 Bxb2 20. Rab1 Bf6 21. a4 c6 22. Bd3 Ne5 23. Nxe5 Bxe5 24. Rbd1 Qh4 25. g3 Qxh6 26. Rfe1 Qg7 27. Re3 Bd4 28. Rf3 Ba7 29. Bb1 Rad8 30. Ba2 Re7 31. Rf4 bxa4 32. Qxa4 Qe5 33. Qb3 Qe6 34. Qxb7 Rxb7 35. Bxe6 fxe6 36. e5 d5 37. Rf6 Re8 38. Rc1 c5 39. Rc3 c4 40. Rcf3 d4 0-1